The Story Of Hira The Hare (Record no. 172159)

MARC details
000 -LEADER
fixed length control field 00610nam a22002177a 4500
003 - CONTROL NUMBER IDENTIFIER
control field dpl
005 - DATE AND TIME OF LATEST TRANSACTION
control field 20200128150534.0
008 - FIXED-LENGTH DATA ELEMENTS--GENERAL INFORMATION
fixed length control field 200128b ||||| |||| 00| 0 eng d
010 ## - LIBRARY OF CONGRESS CONTROL NUMBER
LC control number B-61056
020 ## - INTERNATIONAL STANDARD BOOK NUMBER
International Standard Book Number 8175956844
Terms of availability 100.00
035 ## - SYSTEM CONTROL NUMBER
System control number B-61056
040 ## - CATALOGING SOURCE
Transcribing agency 0
050 ## - LIBRARY OF CONGRESS CALL NUMBER
Classification number N
Item number DHA
082 ## - DEWEY DECIMAL CLASSIFICATION NUMBER
Classification number N
Item number DHA
100 ## - MAIN ENTRY--PERSONAL NAME
Personal name Dhall, Ramesh Chandra
245 ## - TITLE STATEMENT
Title The Story Of Hira The Hare
Statement of responsibility, etc Ramesh Chandra Dhall
Medium EN
260 ## - PUBLICATION, DISTRIBUTION, ETC. (IMPRINT)
Place of publication, distribution, etc Calcutta
Name of publisher, distributor, etc A Writers Workshop Publication
Date of publication, distribution, etc 2000
270 ## - ADDRESS
Address 162/92 Lake Garden
City Calcutta
Country India
Postal code 700045
300 ## - PHYSICAL DESCRIPTION
Extent 43p.
Dimensions 19cms.
942 ## - ADDED ENTRY ELEMENTS (KOHA)
Source of classification or shelving scheme Dewey Decimal Classification
Koha item type English Books
Classification part N
Item part DHA
Call number prefix N
Call number suffix DHA
Holdings
Withdrawn status Lost status Source of classification or shelving scheme Damaged status Not for loan Collection code Home library Current library Date acquired Source of acquisition Cost, normal purchase price Total Checkouts Full call number Barcode Date last seen Cost, replacement price Price effective from Koha item type
    Dewey Decimal Classification     Fiction Shahdara Branch Shahdara Branch 28/01/2020 BPPD/PUB 100.00   N DHA B-61056 28/01/2020 100.00 28/01/2020 English Books

© Delhi Public Library
Hit Counter
free hit counter